Zhrnutie projektu Pracujúci chudobní. Analýza rozhovorov v komparatívnej perspektíve

Zhrnutie realizovaného projektu Odborovo organizovaní a neorganizovaní pracujúci chudobní, ktorý realizovalo Občianske združenie POLE v spolupráci s nadáciou Rosa Luxemburg Stiftung.

Gespeichert in:
Bibliographische Detailangaben
1. Verfasser: Sivičeková, Jana
Weitere Verfasser: Augustín, Michael, 1991-
Format: Buchkapitel
Sprache:Slowakisch
Schlagworte:
Tags: Tag hinzufügen
Keine Tags, Fügen Sie das erste Tag hinzu!

MARC

LEADER 00000naa a2200000 4500
001 0273219
005 20240502074315.8
041 0 |a slo 
044 |a SK 
245 1 0 |a Zhrnutie projektu Pracujúci chudobní. Analýza rozhovorov v komparatívnej perspektíve  |c Jana Sivičeková, Michael Augustín 
520 |a Zhrnutie realizovaného projektu Odborovo organizovaní a neorganizovaní pracujúci chudobní, ktorý realizovalo Občianske združenie POLE v spolupráci s nadáciou Rosa Luxemburg Stiftung. 
610 2 0 |a rozhovor 
610 2 0 |a projekty 
610 2 0 |a regióny 
610 2 0 |a trh práce 
100 1 |a Sivičeková, Jana 
700 1 |a Augustín, Michael, 1991-